000 00795nam a2200265 i 4500
003 DO-SdBNP
005 20250919140156.0
007 ta
008 250919b1997 sp ||||| |||| 00| 0 spa d
020 _a8401242819
040 _aDO-SdBNP
_bspa
_cBNPHU
_erda
041 _aspa
082 4 _axxx
_ba933p
_222
100 1 _aAusten, Jane,
_d1775-1817
_eautor
_4aut.
_938178
245 1 0 _aPersuasión /
_cJane Austen ; traducción, M. Ortega y Gasset
250 _aPrimera edición
264 4 _aBarcelona, España :
_bPlaza & Janés Editores, S.A.,
_c©1997.
300 _a293 páginas ;
_c19 cm.
336 _atexto
_btxt
_2rdacontent
337 _asin mediación
_bn
_2rdamedia
338 _avolumen
_bnc
_2rdacarrier
590 _aInventariado, 2025/BT
910 _aBtavárez
942 _2ddc
_cLBS1
999 _c59899
_d59899